00548nam a2200205Ia 4500008004100000020001500041050000800056050001000064100002000074245004400094245002000138260003500158260000900193300001600202300001400218300001100232650002900243650003400272700003600306160319s9999 xx 000 0 und d a9715540562 a910 bA841p aAligaen, Arnold aPhilippine geography for high school /  cArnold Aligaen. bCarlos Palanca Foundation inc. c2000 a150 pages : bpictures. c26 cm. aGeography -- Philippines aGeography, Historical -- Maps aQuizon, Nerissa., added author.